Instructional prescriptions for learner control (Record no. 70588)

MARC details
000 -CABECERA
campo de control de longitud fija 00608nam a2200217 a 4500
005 - FECHA Y HORA DE LA ÚLTIMA TRANSACCIÓN
campo de control 20210219153204.0
008 - ELEMENTOS DE LONGITUD FIJA--INFORMACIÓN GENERAL
campo de control de longitud fija 991125n 000 0 u
035 ## - NÚMERO DE CONTROL DEL SISTEMA
Número de control de sistema UPN01000083217
100 ## - ASIENTO PRINCIPAL--NOMBRE PERSONAL
Nombre de persona Chung, Jaesam
222 #0 - TÍTULO CLAVE
Título clave EDUCATIONAL TECHNOLOGY
245 #0 - MENCIÓN DE TÍTULO
Título Instructional prescriptions for learner control
300 ## - DESCRIPCIÓN FÍSICA
Extensión 14-20
362 ## - FECHAS DE PUBLICACIÓN Y/O DESIGNACIÓN SECUENCIAL
Fecha de publicación y/o designación secuencial 32, No. 10, 1992
505 ## - NOTA DE CONTENIDO CON FORMATO PREESTABLECIDO
Nota de contenido con formato Marzo 1993
653 0# - TERMINO DE INDIZACION - NO CONTROLADO
Término no controlado ENSEÑANZA DEL CONTROL DEL ESTUDIANTE
653 0# - TERMINO DE INDIZACION - NO CONTROLADO
Término no controlado ENSEÑANZA PROGRAMADA
653 0# - TERMINO DE INDIZACION - NO CONTROLADO
Término no controlado ESTRATEGIAS DE APRENDIZAJE
700 ## - ASIENTO SECUNDARIO--NOMBRE DE PERSONAL
Nombre de persona Reigeluth, Charles M.
904 ## - ELEMENTOS DE DATOS D LOCAL, LDD (RLIN)
a AC
b 021028
905 ## - TIPO DE MATERIAL
Tipo de material Articulo

No items available.